Streets of Lincoln Park, CHICAGO - Statistics

General Stats
  • This quiz has been taken 22 times
    16 since last reset
  • The average score is 19 of 63
Answer Stats
Hint Answer % Correct
2000 N Armitage
100%
800 W Halsted
100%
1600 N North
100%
2400 N Fullerton
90%
2800 N Diversey
80%
1600 W Ashland
70%
NW Lincoln
70%
NW Clark
60%
NW Clybourn
60%
2200 N Webster
60%
2000 W Damen
50%
400 W Sedgwick
50%
1000 W Sheffield
50%
2300 N Belden
40%
1700 W Paulina
40%
1400 W Southport
40%
2600 N Wrightwood
40%
NW Cannon
30%
500 W Cleveland
30%
832 W Dayton
30%
2100 N Dickens
30%
1500 W Greenview
30%
2332 N Kemper
30%
1032 W Kenmore
30%
NW Lake Shore Dr
30%
700 W Orchard
30%
332 W Orleans
30%
1200 W Racine
30%
1100 W Seminary
30%
200 W Wells
30%
2500 N Altgeld
20%
932 W Bissell
20%
732 W Burling
20%
1132 W Clifton
20%
900 W Fremont
20%
1732 W Hermitage
20%
432 W Hudson
20%
600 W Larabee
20%
1800 N Menomonee
20%
2700 N Schubert
20%
NW Stockton
20%
1900 N Wisconsin
20%
2632 N Drummond
10%
1700 N Eugenie
10%
2232 N Grant
10%
632 W Howe
10%
NW Kingsbury
10%
1300 W Lakewood
10%
132 W LaSalle
10%
2532 N Lill
10%
232 W Lincoln Park W
10%
1232 W Magnolia
10%
532 W Mohawk
10%
2432 N Montana
10%
1332 W Wayne
10%
1732 N Willow
10%
1532 W Bosworth
0%
1632 N Concord
0%
1432 W Janssen
0%
1632 W Marshfield
0%
300 W North Park
0%
2132 N Shakespeare
0%
1900 W Wolcott
0%
No matching quizzes found
Score Distribution
Percent of People with Each Score
Percentile by Number Answered
Your Score History
You have not taken this quiz since the last reset